Calma.com: la búsqueda de la serenidad en un mundo globalizado

Salvato in:
Dettagli Bibliografici
Autori principali: Dinnocenzo, Debra A (Autore), Swegan, Richard B (Autore)
Natura: Libro
Lingua:spagnolo
Pubblicazione: Barcelona Paidós 2002
Serie:Paidós Plural, 34
Soggetti:
Tags: Aggiungi Tag
Nessun Tag, puoi essere il primo ad aggiungerne!!

MARC

LEADER 00000nam a2200000 a 4500
001 UCH0163
003 CL-VaPUC
008 090108e20020000SP |||||||||||||||||spa|d
020 |a 8449312876 
082 0 4 |a 658.3124  |b DIN  |2 21 
100 0 |a Dinnocenzo, Debra A  |e author  |9 534296 
700 0 |a Swegan, Richard B  |e author  |9 534297 
245 1 0 |a Calma.com: la búsqueda de la serenidad en un mundo globalizado 
300 |a 156 p 
942 |c BK 
945 |d 20090108 00:00:00  |a jtorresc 
260 |a Barcelona  |b Paidós  |c 2002 
650 7 |a MEDICION DEL TRABAJO  |2 CL-VaPUC  |9 260996 
650 7 |a SATISFACCION DEL TRABAJO  |2 CL-VaPUC  |9 534298 
650 0 |a Administración del personal  |9 260442 
650 0 |a Relaciones interpersonales  |9 307056 
650 0 |a Trabajo y empleo  |9 315054 
583 |a last modification  |c 20130104 09:27:55  |k Rodrigo Vera 
490 0 |a Paidós Plural, 34 
999 |c 332529  |d 332527 
952 |0 0  |1 0  |4 0  |6 658_312400000000000_DIN_2002  |7 0  |8 A  |9 420316  |a BIBEDU  |b BIBEDU  |d 2019-11-22  |i 4512022  |o 658.3124 DIN 2002  |p 4512022  |r 2019-11-22  |w 2019-11-22  |y BK  |k EBA